Enemies of Middle Eastern Countries - Statistics

General Stats
  • This quiz has been taken 343 times
  • The average score is 12 of 15
Answer Stats
Country Enemy % Correct
Iran United States
92%
Palestine Israel
88%
Israel Palestine
88%
Lebanon Israel
85%
Iraq Israel
84%
Kurdistan Turkey
81%
Bahrain Iran
80%
Saudi Arabia Iran
80%
Qatar Israel
75%
Kuwait Iran
74%
Yemen United States
73%
United Arab Emirates Iran
72%
Oman Israel
71%
Syria Turkey
69%
Jordan Syria
63%
No matching quizzes found
Score Distribution
Percent of People with Each Score
Percentile by Number Answered
Your Score History
You have not taken this quiz